000 01142nac a22003617a 4500
001 BR0809499
003 BR-BrBNA
005 20240105123716.0
008 230509b bl.|||m| |||| 00| 0 por d
040 _aBR-BrBNA
_bpor
_cBiblioteca Nacional de Agricultura
072 _aH20
090 _a2110 BR0809499
100 1 _aGramacho, K.P.
100 1 _aPires, J.L.
100 1 _aLopes, U.V.
100 1 _aBezerra, J.L.
110 1 _aCentro de Pesquisa do Cacau, Ilhéus, BA (Brasil)
_91613
245 1 _aVassoura-de-bruxa, evolução do fungo e necessidade de remoção das partes afetadas em clones resistentes
260 3 _aIlhéus, BA (Brasil):
_c2008.
300 _a12 p.
490 _aBoletim Técnico - Centro de Pesquisa do Cacau (Brazil)
_vno. 191
_xISSN 0100-0845
500 _aSummaries (En, Pt)
650 _aCACAU
650 _aTHEOBROMA CACAO
650 _aDOENÇA FÚNGICA
650 _aCLONE
650 _aVASSOURA-DE-BRUXA
650 _aCONTROLE BIOLÓGICO
650 _aTRICHODERMA
856 4 0 _dLink DSPACE/MAPA BR0809499
909 _a202312
_bLúcia Elande
_c55
_dLúcia Elande
942 _2AGRIS
_n0
_cMS
999 _c296647
_d296647